TRT Mato Grosso : (Record no. 1406)

MARC details
000 -LÍDER
Campo Fixo de Controle 00741nam a2200229 a 4500
001 - NÚMERO DE CONTROLE
Campo de Controle 1406
003 - IDENTIFICAÇÃO DO NÚMERO DE CONTROLE
Campo de Controle BR-CuiBMT
005 - DATA E HORA DA ÚLTIMA ATUALIZAÇÃO
Campo de Controle 20231215232945.0
008 - DADOS FIXOS
Dados Fixos 231206s2012 mtba 000 0 por d
020 ## - INTERNATIONAL STANDARD BOOK NUMBER
Nº do ISBN 9788580090628
040 ## - AGÊNCIA CATALOGADORA
Código da Agência Catalogadora BR-CuiBMT
Agência que transcreveu o registro BR-CuiBMT
080 ## - Nº DA CLASSIFICAÇÃO DECIMAL UNIVERSAL
Nº Class. CDU 351.94:331
Subd. Auxiliar Comum (817.2)
Nº edição CDU 2007
090 ## - NÚMERO DE CHAMADA
Nº classificação 351.94:331(817.2)
Cutter M433t
110 1# - ENTRADA PRINCIPAL -- ENTIDADE
Nome da entidade ou lugar Mato Grosso
Unidade subordinada Tribunal Regional do trabalho
245 10 - TÍTULO PRINCIPAL
Título principal TRT Mato Grosso :
Subtítulo 20 anos de justiça social /
Indicação de responsabilidade Tribunal Regional do Trabalho.
260 ## - PUBLICAÇÃO, DISTRIBUIÇÃO, ETC.
Local de publicação Cuiabá :
Editora Carlini &Caniato,
Data 2012.
300 ## - DESCRIÇÃO FÍSICA
N. páginas ou volumes 160 p. :
Ilustrações il. color.
Dimensões 30 cm
504 ## - NOTA DE BIBLIOGRAFIA, ETC.
Nota de bibliografia Inclui bibliografia.
650 ## - ASSUNTO TÓPICO
Cabeçalho tópico ou nome geográfico Tribunal Regional do Trabalho
Subdivisão geral 23ª Região
Subdivisão geográfica Mato Grosso
650 ## - ASSUNTO TÓPICO
Cabeçalho tópico ou nome geográfico Justiça Social
942 ## - ELEMENTOS DE ENTRADA ADICIONAIS (KOHA)
Fonte de classificação ou esquema de arquivamento Classificação Decimal Universal
Tipo de item do Koha Livros
Holdings
Estado: removido Estado: perdido Fonte de classificação ou esquema de arquivamento Estado: danificado Indisponível para empréstimo Localização permanente Localização atual Data de aquisição Total Checkouts Número de Chamada completo Código de barras Date last seen Número do exemplar Preço efetivo a partir de Tipo de item (Koha)
    Classificação Decimal Universal     Biblioteca da Escola Superior de Contas do TCE/MT Biblioteca da Escola Superior de Contas do TCE/MT 06/12/2023   351.94:331(817.2) M433t BIBTCEMT23120288 06/12/2023 Ex. 1 06/12/2023 Livros
    Classificação Decimal Universal     Biblioteca da Escola Superior de Contas do TCE/MT Biblioteca da Escola Superior de Contas do TCE/MT 06/12/2023   351.94:331(817.2) M433t BIBTCEMT23120630 15/12/2023 Ex. 2 06/12/2023 Livros

Powered by Koha